| 000 | 01213cam a2200325 i 4500 | ||
|---|---|---|---|
| 001 | 1327 | ||
| 005 | 20240115093354.0 | ||
| 020 | _a9780545035330 (jacketed hc) | ||
| 040 |
_aNJQ/DLC _beng _cNJQ _erda _dDLC |
||
| 050 | 0 | 0 |
_aPZ7.L87734 _bHal 2014 |
| 082 | 0 | 4 |
_a[Fic] _223 |
| 082 | 0 | 4 |
_a813.6 _223 |
| 100 | 1 | _aLord, Cynthia, | |
| 245 | 1 | 0 |
_aHalf a chance / _cCynthiam, Lord |
| 250 | _aThis edition first printing, January 2015 | ||
| 260 |
_aNew York : _bScholastic, _c2014 |
||
| 300 |
_a218 pages : _c22 cm |
||
| 505 | _aM | ||
| 520 | _aLucy, with her mother and her photographer father, has just moved to a small rural community in New Hampshire, and with her new friend Nate she plans to spend the summer taking photos for a contest, but pictures sometimes reveal more than people are willing to see. | ||
| 521 |
_a690
_bLexile |
||
| 521 |
_aM
_bRaz-Plus |
||
| 650 | 0 |
_aPhotography _vJuvenile fiction. |
|
| 650 | 0 |
_aFathers and daughters _vJuvenile fiction. |
|
| 650 | 0 |
_aFriendship _vJuvenile fiction. |
|
| 650 | 1 |
_aPhotography _vFiction. |
|
| 650 | 1 |
_aFathers and daughters _vFiction. |
|
| 650 | 1 |
_aFriendship _vFiction. |
|
| 906 |
_a7 _bcbc _corignew _d1 _eecip _f20 _gy-gencatlg |
||
| 942 |
_2ddc _cBK _n0 |
||
| 999 |
_c1327 _d1327 |
||